000
00302nam a22001217a 4500
008
230619b xxu||||| |||| 00| 0 eng d
082
_a
299.9
_b
BIR
100
_c
Sir George Grey
245
_a
Polynesian Mythology
260
_a
London
_b
Whitecombe and Tombs Ltd
_c
1855
300
_a
249p
942
_2
ddc
_c
BK
999
_c
1332
_d
1332